01415cam a2200325 a 4500001000500000005001700005020003100022020001800053040002300071050002400094082001500118100002300133245004100156260003400197300002400231500002600255505000800281520014500289521002000434521002000454650003600474650003700510650003200547906004500579942001500624999001500639952015100654952013600805952014800941103320250422161819.0 a0590324640 (pbk.) :c$1.95 a9780590432665 aDLCcDLCdDLCbeng00aPZ7.B69157bCi 198400a813.542191 aBoyd, Candy Dawson10aCircle of gold /cCandy Dawson Boyd. aNew York :bScholastic,c1984 a134 pages :c20 cm. a"An Apple paperback." aO  aTen-year-old Mattie copes with the loss of her father and her mixed feelings towards her mother who is under pressure to support the family. a610 bLexile  aO bRaz-Plus  1aMothers and daughtersvFiction. 1aSingle-parent familiesvFiction. 1aAfrican AmericansvFiction. a7bcbccorignewd2encipf19gy-gencatlg 2ddccBKn0 c1033d1033 00102ddc40708JUVFa002b002cTTP Yellow d2023-07-19l3oBOY 813.54 PZ7.B69157pFISSE00155r2024-03-21 11:13:42s2024-03-04t1w2023-07-19yBK 00102ddc40708FICa001b001cTK Yellowd2024-09-06l0oBOY 813.54 PZ7.B69157pFISTK05359r2024-09-06 11:35:24t2w2024-09-06yBK 00102ddc40708FICa001b001cTK Yellowd2025-04-22l1oBOY 813.54 PZ7.B69157pFISTK04898r2025-12-19 08:20:31s2025-08-29t3w2025-04-22yBK